| 000 | 00846nam a2200241 a 4500 | ||
|---|---|---|---|
| 001 | 1847 | ||
| 005 | 20140414131855.0 | ||
| 008 | 010423s19uu xx 00 eng d | ||
| 020 | _a0-89686-709-9 | ||
| 050 |
_aM 910.92 _bN74 1993 |
||
| 100 | _aNoonan, Jon | ||
| 245 |
_aCaptain Cook / _cby Jon Noonan ; illustrated by Yoshie Miyake. |
||
| 250 | _a1st Ed | ||
| 260 |
_aNew York : _bCrestwood House, _c1993. |
||
| 300 | _a48 p. : ill. ; cm. | ||
| 440 | _aExplorers | ||
| 500 | _aIncludes index. | ||
| 520 | _aDiscusses the life and travels of the eighteenth-century British navigator and explorer known for his adventurous voyages and maps of the Pacific. | ||
| 650 | _aCook, James, 1728-1779 - Juvenile literature. | ||
| 650 | _aExplorers - Great Britain - Biography - Juvenile literature. | ||
| 650 | _aExplorers. | ||
| 999 |
_c110396 _d110396 |
||